| 000 | 00740nam a22002057a 4500 | ||
|---|---|---|---|
| 999 |
_c16872 _d16872 |
||
| 003 | AR-CdUCM | ||
| 008 | 190506b ||||| |||| 00| 0 spa d | ||
| 040 |
_aMUNICIPALIDAD PROVINCIAL DEL CUSCO _cBIBLIOTECA MUNICIPAL DEL CUSCO |
||
| 082 |
_a401 / _bR74 |
||
| 100 |
_aRodríguez Adrados, Francisco _915823 |
||
| 245 | _aLingüística estructural / | ||
| 260 |
_aMadrid : _bGredos, _c1969. |
||
| 300 |
_a2 tomos ; _c20 cm. |
||
| 440 |
_aBiblioteca Románica Hispánica ; _n3 _936587 |
||
| 505 | _aContenido: t.2: Principios generales -- Fonología -- Morfemas y sistemas morfológicos -- La palabra... | ||
| 650 |
_aLingüística estructural _936588 |
||
| 650 |
_aFuncionalismo _936589 |
||
| 942 |
_2ddc _cLIBROS |
||
| 945 |
_aacv _d2019-05-06 |
||